[Event "8th ch-Euro"]
[Site "Dresden GER"]
[Date "2007.04.03"]
[Round "1"]
[White "Zysk,R"]
[Black "Eljanov,P"]
[Result "0-1"]
[WhiteElo "2483"]
[BlackElo "2675"]
[EventDate "2007.04.03"]

1. d4 Nf6 2. Nf3 e6 3. g3 d5 4. Bg2 b5 5. O-O Nbd7 6. Nbd2 Bb7 7. Nb3 c5 8.
Bd2 a5 9. dxc5 Nxc5 10. Nfd4 Qb6 11. Nxc5 Bxc5 12. Nb3 Be7 13. Be3 Qc6 14.
Qd2 Qc7 15. Nd4 Qd7 16. Nb3 Qc7 17. Nd4 b4 18. c3 O-O 19. Rfc1 Qd7 20. Nb3
Rfc8 21. cxb4 Bxb4 22. Qd1 Qb5 23. Nd4 Qa6 24. Nb3 Nd7 25. Bd2 Qb6 26. Be3
Qb5 27. Rxc8+ Rxc8 28. Rc1 Rxc1 29. Bxc1 e5 30. e3 a4 31. Na1 Nb6 32. Nc2
Bf8 33. Ne1 Nc4 34. Qc2 Qa5 35. Nf3 e4 36. Nd2 Ne5 37. Bf1 Ba6 38. Qd1 Bxf1
39. Nxf1 Nd3 40. Bd2 Nxb2 41. Qb1 Qb6 42. Bc3 Nc4 43. Qd1 Qc6 44. Bd4 f6
45. h4 Bd6 46. Nh2 Be5 47. h5 Bxd4 48. Qxd4 Ne5 49. Kg2 h6 50. Qb2 Kh7 51.
Qd4 Nd3 52. Qa7 Ne1+ 53. Kh3 Qe6+ 54. g4 Nd3 55. Qxa4 Nxf2+ 56. Kg3 Qe5+
57. Kxf2 Qxh2+ 58. Ke1 Qg3+ 59. Kd2 Qf2+ 60. Kd1 Qf1+ 61. Kc2 Qe2+ 62. Kb1
Qxe3 63. Qd7 Qd3+ 64. Kc1 Qf1+ 65. Kc2 Qf2+ 66. Kd1 Qd4+ 67. Kc2 Qc5+ 68.
Kd1 Qd4+ 69. Kc2 Qc4+ 70. Kd1 e3 71. Qf5+ Kh8 72. Qg6 Qd4+ 73. Kc2 Qe5 74.
Qf5 Qe8 75. Kd1 d4 76. Ke2 Qb8 77. Kd1 Qa8 78. Qe6 Qf3+ 79. Kc2 Qe2+ 80.
Kb3 Qd3+ 81. Kb2 e2 0-1

[Event "8th ch-Euro"]
[Site "Dresden GER"]
[Date "2007.04.03"]
[Round "1"]
[White "Stern,R"]
[Black "Almasi,Z"]
[Result "1/2-1/2"]
[WhiteElo "2476"]
[BlackElo "2669"]
[EventDate "2007.04.03"]

1. d4 Nf6 2. c4 e6 3. Nc3 Bb4 4. Bd2 O-O 5. Nf3 d5 6. e3 c5 7. a3 Bxc3 8.
Bxc3 cxd4 9. Bxd4 Nc6 10. cxd5 Nxd5 11. Be2 Re8 12. b4 e5 13. Bb2 e4 14.
Nd4 Ne5 15. Nb5 a6 16. Nc7 Nd3+ 17. Bxd3 Nxc7 18. Bc4 Qg5 19. Qd6 Be6 20.
Qxc7 Rac8 21. Qg3 Qxg3 22. hxg3 Rxc4 23. Kd2 Rc6 24. Rac1 Bc4 25. Rh5 b5
26. Bd4 Rd6 27. a4 f6 28. Rc5 Re5 29. axb5 axb5 30. Ra1 Re7 31. Kc3 Kf7 32.
f4 exf3 33. gxf3 Rxe3+ 34. Bxe3 Rd3+ 35. Kb2 Rxe3 36. Ra3 Re2+ 37. Kc3 Re3+
38. Kb2 Re2+ 39. Kc3 Re3+ 1/2-1/2

[Event "8th ch-Euro"]
[Site "Dresden GER"]
[Date "2007.04.03"]
[Round "1"]
[White "Van Wely,L"]
[Black "Jakubowski,K"]
[Result "1-0"]
[WhiteElo "2683"]
[BlackElo "2483"]
[EventDate "2007.04.03"]

1. d4 d5 2. c4 e6 3. Nf3 Nf6 4. Nc3 Nbd7 5. cxd5 exd5 6. Bg5 Be7 7. e3 O-O
8. Bd3 c6 9. Qc2 Re8 10. h3 Nf8 11. Bf4 Ng6 12. Bh2 Bd6 13. Bxd6 Qxd6 14.
O-O-O Bd7 15. Kb1 Re7 16. g4 Rae8 17. Ka1 Bc8 18. Nd2 a6 19. g5 Nd7 20. h4
Ngf8 21. h5 Kh8 22. Nf3 b5 23. Ne2 c5 24. dxc5 Qxc5 25. Nf4 Qxc2 26. Bxc2
Nb6 27. Rhg1 Bb7 28. g6 fxg6 29. hxg6 h6 30. Nd4 Rc7 31. Bf5 Ree7 32. Rc1
Nc4 33. Rc2 Nd6 34. Rgc1 Rc4 35. Bd3 Rxc2 36. Bxc2 Rc7 37. Rd1 Nd7 38. Bb3
Nf6 39. Nde2 Nc4 40. Nc3 Rc5 41. a3 h5 42. Ka2 a5 43. Ne6 Rc8 44. Nxb5 Kg8
45. Nc3 h4 46. Rd4 Ne5 47. Ng5 Nxg6 48. e4 Nh7 49. Nh3 Rd8 50. exd5 Bc8 51.
d6+ Kf8 52. Nf4 Nh8 53. d7 Rxd7 54. Ne6+ Ke8 55. Rxh4 g5 56. Nxg5 1-0

[Event "8th ch-Euro"]
[Site "Dresden GER"]
[Date "2007.04.03"]
[Round "1"]
[White "Bindrich,F"]
[Black "Tiviakov,S"]
[Result "0-1"]
[WhiteElo "2469"]
[BlackElo "2667"]
[EventDate "2007.04.03"]

1. e4 c5 2. Nf3 Nc6 3. d4 cxd4 4. Nxd4 g6 5. Nc3 Bg7 6. Be3 Nf6 7. Bc4 O-O
8. Bb3 a5 9. O-O Nxd4 10. Bxd4 d6 11. h3 Bd7 12. a4 Bc6 13. f4 Nd7 14. Bxg7
Kxg7 15. Qd4+ Kg8 16. f5 Ra6 17. Kh1 Qb6 18. Qd2 Kg7 19. Rf4 Nf6 20. Rh4
Ng8 21. Rf1 Raa8 22. Qf4 f6 23. Qd2 g5 24. Rg4 Nh6 25. Rg3 Nf7 26. h4 h6
27. Re1 Qb4 28. Qe3 Qc5 29. Qe2 Ne5 30. Qd2 Rh8 31. Kh2 Kf8 32. Kh3 Qb4 33.
Qe3 Rd8 34. Rd1 Kg7 35. Nd5 Qc5 36. Qe2 Bxd5 37. Rxd5 Qb6 38. Rxe5 dxe5 39.
Kh2 Rh7 40. Bd5 Qxb2 41. Rb3 Qc1 42. Rxb7 Kh8 43. Qh5 Qf4+ 44. Kh3 gxh4 45.
Qxh4 Qf1 46. Kh2 Rg7 47. Qh3 Qf4+ 48. g3 Qc1 49. Qg2 h5 50. Qe2 h4 51. Rb3
hxg3+ 52. Rxg3 Qf4 53. Qf3 Rxg3 54. Qxg3 Rb8 0-1

[Event "8th ch-Euro"]
[Site "Dresden GER"]
[Date "2007.04.03"]
[Round "1"]
[White "Georgiev,Ki"]
[Black "Holzke,F"]
[Result "0-1"]
[WhiteElo "2661"]
[BlackElo "2467"]
[EventDate "2007.04.03"]

1. d4 Nf6 2. c4 g6 3. Nc3 d5 4. Nf3 Bg7 5. e3 O-O 6. b4 b6 7. Qb3 c5 8.
bxc5 bxc5 9. cxd5 Na6 10. Ba3 Rb8 11. Qa4 Nb4 12. Rc1 Bd7 13. Qxa7 cxd4 14.
Nxd4 Nbxd5 15. Nxd5 Nxd5 16. Qc5 e6 17. Ba6 Re8 18. O-O Bf8 19. Qxf8+ Rxf8
20. Bxf8 Qxf8 21. Bc4 Nb6 22. Bb3 Ba4 23. Rc7 Bxb3 24. axb3 Nd5 25. Rc4 Qa3
26. h3 e5 27. Nc6 Qxb3 28. Rfc1 Re8 29. Rc5 Kg7 30. R5c4 h5 31. Rc5 Qd3 32.
R5c4 Nf6 33. R4c3 Qd6 34. Rc4 Ra8 35. R4c2 Ra3 36. Rf1 Ne4 37. Rcc1 Nc3 0-1

[Event "8th ch-Euro"]
[Site "Dresden GER"]
[Date "2007.04.03"]
[Round "1"]
[White "Volokitin,And"]
[Black "Zaragatski,I"]
[Result "1-0"]
[WhiteElo "2645"]
[BlackElo "2445"]
[EventDate "2007.04.03"]

1. e4 e6 2. d4 d5 3. Nc3 Nc6 4. Nf3 Nf6 5. e5 Ne4 6. Ne2 f6 7. Ng3 fxe5 8.
Bb5 exd4 9. Nxe4 dxe4 10. Nxd4 Qd5 11. Nxc6 a6 12. Ba4 Bd7 13. c4 Qxd1+ 14.
Kxd1 Bxc6 15. Bxc6+ bxc6 16. Ke2 O-O-O 17. Bg5 Rd3 18. Rhd1 Bc5 19. Be3
Rxd1 20. Rxd1 Be7 21. Rd4 Bf6 22. Rxe4 Bxb2 23. Rxe6 Kd7 24. Re4 Rb8 25. c5
Rb5 26. Ra4 a5 27. Kd3 Bf6 28. Bd2 Rxc5 29. Rxa5 Rd5+ 30. Rxd5+ cxd5 31.
Bc3 Bd8 32. Bxg7 c5 33. f4 Ke6 34. g4 c4+ 35. Ke3 Bc7 36. a4 h5 37. gxh5
Kf5 38. h6 Bxf4+ 39. Kf3 c3 40. Bxc3 Bxh6 41. a5 Bf8 42. Bd4 1-0

[Event "8th ch-Euro"]
[Site "Dresden GER"]
[Date "2007.04.03"]
[Round "1"]
[White "Areshchenko,A"]
[Black "Safarli,E"]
[Result "1-0"]
[WhiteElo "2644"]
[BlackElo "2445"]
[EventDate "2007.04.03"]

1. e4 c5 2. Nf3 e6 3. d4 cxd4 4. Nxd4 Nf6 5. Nc3 Nc6 6. Be2 d5 7. exd5 exd5
8. O-O Be7 9. Bf4 O-O 10. Bf3 a6 11. Re1 Re8 12. h3 Nxd4 13. Qxd4 Be6 14.
Rad1 Rc8 15. a3 h6 16. Be5 Qa5 17. Qf4 Rc4 18. Qg3 Rd8 19. Ne2 d4 20. c3
dxc3 21. Bxc3 Qc7 22. Be5 Rxd1 23. Rxd1 Qa5 24. Nd4 Bd7 25. Bxb7 Nh5 26.
Qe3 Bg5 27. Qe2 Ra4 28. Nb3 Qb5 29. Qxb5 Bxb5 30. Nd4 Rc4 31. Bf3 Bf6 32.
Nxb5 axb5 33. Rd5 Nf4 34. Rxb5 Rc1+ 35. Kh2 Bxe5 36. Rxe5 g5 37. a4 Rc2 38.
Rb5 Rxf2 39. a5 Rf1 40. Rb3 Rc1 41. a6 1-0

[Event "8th ch-Euro"]
[Site "Dresden GER"]
[Date "2007.04.03"]
[Round "1"]
[White "Saric,Iv"]
[Black "Cheparinov,I"]
[Result "0-1"]
[WhiteElo "2469"]
[BlackElo "2640"]
[EventDate "2007.04.03"]

1. e4 c5 2. Nf3 d6 3. d4 cxd4 4. Nxd4 Nf6 5. Nc3 a6 6. Bc4 e6 7. Bb3 b5 8.
Bg5 Be7 9. Qf3 Qc7 10. O-O-O Nbd7 11. e5 Bb7 12. Qg3 dxe5 13. Bxe6 fxe6 14.
Nxe6 Qc6 15. Nxg7+ Kf7 16. Nf5 Bf8 17. Rhe1 Re8 18. Qh3 Qe6 19. f4 e4 20.
g4 h5 21. Bxf6 Nxf6 22. g5 Bc8 23. gxf6 Qxf5 24. Qe3 Bc5 25. Qe2 Qxf4+ 26.
Kb1 Bg4 27. Qg2 Rhg8 28. Rd5 Bc8 29. Rh1 Bf8 0-1

[Event "8th ch-Euro"]
[Site "Dresden GER"]
[Date "2007.04.03"]
[Round "1"]
[White "Miroshnichenko,E"]
[Black "Hunt,A"]
[Result "1/2-1/2"]
[WhiteElo "2632"]
[BlackElo "2461"]
[EventDate "2007.04.03"]

1. Nf3 Nf6 2. c4 g6 3. Nc3 d5 4. Qa4+ Bd7 5. Qb3 dxc4 6. Qxc4 Nc6 7. d4 Bg7
8. e4 O-O 9. Be2 Bg4 10. Be3 Nd7 11. d5 Nce5 12. Qb3 Nxf3+ 13. gxf3 Bh5 14.
f4 Bxe2 15. Kxe2 c6 16. Rad1 Qc8 17. Rhg1 Nf6 18. f5 Kh8 19. d6 exd6 20.
Rxd6 Qc7 21. e5 Ne8 22. f6 Bxf6 23. Rxf6 Nxf6 24. exf6 Qxh2 25. Rd1 Qh5+
26. Ke1 Qh1+ 27. Ke2 Qh5+ 28. Ke1 Qh1+ 29. Ke2 Qxd1+ 30. Qxd1 1/2-1/2

[Event "8th ch-Euro"]
[Site "Dresden GER"]
[Date "2007.04.03"]
[Round "1"]
[White "Womacka,M"]
[Black "Avrukh,B"]
[Result "0-1"]
[WhiteElo "2448"]
[BlackElo "2644"]
[EventDate "2007.04.03"]

1. e4 c5 2. Nf3 Nc6 3. d4 cxd4 4. Nxd4 Nf6 5. Nc3 d6 6. Be2 e5 7. Nf3 h6 8.
O-O Be7 9. Re1 O-O 10. h3 a6 11. Bf1 Qc7 12. b3 Nd4 13. Bb2 Nxf3+ 14. Qxf3
b5 15. Bd3 Bb7 16. Nd5 Nxd5 17. exd5 f5 18. c4 bxc4 19. bxc4 Bg5 20. Bxf5
Kh8 21. Qg4 Qf7 22. Bd3 Qxf2+ 23. Kh1 Bc8 24. Qh5 Bf5 25. Bxf5 Rxf5 26. Re2
Qf4 27. c5 dxc5 28. Qg4 Raf8 29. Rd1 Qxg4 30. hxg4 Rf1+ 31. Rxf1 Rxf1+ 32.
Kh2 Rd1 33. Bxe5 Rxd5 34. Kg3 c4 35. Kf3 c3 36. Bf4 Bf6 37. Re6 Ra5 38. Rc6
Kh7 39. g3 Rxa2 40. Ke4 Ra4+ 41. Kd3 Kg6 42. Rc7 Rd4+ 43. Kc2 Rd5 44. Rc6
a5 45. Kb3 Kf7 46. Rc7+ Ke6 47. Rc6+ Ke7 48. Rc7+ Rd7 49. Rc5 Ra7 50. Be5
a4+ 51. Ka3 Bxe5 52. Rxe5+ Kd6 53. Rf5 0-1

[Event "8th ch-Euro"]
[Site "Dresden GER"]
[Date "2007.04.03"]
[Round "1"]
[White "Esen,B"]
[Black "Socko,B"]
[Result "1-0"]
[WhiteElo "2447"]
[BlackElo "2629"]
[EventDate "2007.04.03"]

1. d4 Nf6 2. c4 e6 3. Nf3 b6 4. g3 Ba6 5. b3 Bb4+ 6. Bd2 Be7 7. Bg2 c6 8.
Bc3 d5 9. Ne5 Nfd7 10. Nxd7 Nxd7 11. Nd2 f5 12. O-O O-O 13. Rc1 Rc8 14. e3
g5 15. Bb2 g4 16. e4 dxe4 17. Nxe4 fxe4 18. Qxg4+ Kh8 19. Qxe4 Bf6 20. Qxe6
Re8 21. Qf5 Nf8 22. Rfe1 Bg7 23. Ba1 Rc7 24. d5 Rxe1+ 25. Rxe1 Bxa1 26.
Rxa1 cxd5 27. Bxd5 Qe7 28. Kg2 Bc8 29. Qf3 Kg7 30. Rd1 Ng6 31. Qc3+ Qf6 32.
Qxf6+ Kxf6 33. f4 Rd7 34. Bf3 Rxd1 35. Bxd1 Bf5 36. Kf2 Ne7 37. g4 Bb1 38.
a3 h5 39. h3 Be4 40. Ke3 Bg2 41. g5+ Kg6 42. Bc2+ Kf7 43. Bd1 h4 44. Bg4
Kg6 45. b4 Nf5+ 46. Kf2 Bc6 47. c5 Nd4 48. cxb6 axb6 49. Bd1 Bd7 50. Ke3
Nf5+ 51. Kf2 Nd6 52. a4 Bxh3 53. a5 bxa5 54. bxa5 Bc8 55. Bc2+ Kf7 56. Bd3
Nb7 57. a6 Nc5 58. Bc4+ Kg6 59. a7 Bb7 60. Bf1 Ne4+ 61. Kg1 Nc3 62. Bg2 Nd5
63. Be4+ Kh5 64. Kh2 Ba8 65. g6 Kh6 66. f5 Nc3 67. Bxa8 Nb5 68. Be4 Nxa7
69. f6 1-0

[Event "8th ch-Euro"]
[Site "Dresden GER"]
[Date "2007.04.03"]
[Round "1"]
[White "Tomashevsky,E"]
[Black "Pert,R"]
[Result "1-0"]
[WhiteElo "2624"]
[BlackElo "2450"]
[EventDate "2007.04.03"]

1. c4 e5 2. Nc3 Nf6 3. Nf3 Nc6 4. g3 Nd4 5. Bg2 Nxf3+ 6. Bxf3 Bb4 7. Qc2 c6
8. O-O O-O 9. d3 h6 10. Rd1 d6 11. Bg2 Qe7 12. Bd2 a5 13. a3 Bc5 14. Be1
Bg4 15. Rab1 Bd4 16. h3 Be6 17. e3 Ba7 18. Kh2 h5 19. Qe2 Qd7 20. Ne4 Nxe4
21. dxe4 f6 22. Rbc1 Qf7 23. Bxa5 Bxe3 24. Qxe3 Rxa5 25. Rxd6 Bxc4 26. Qd2
Rb5 27. b4 Rb6 28. h4 Be6 29. Bf1 Kh7 30. Qe3 Rb5 31. Be2 Bg4 32. Bxb5 cxb5
33. Rd5 Be6 34. Rxb5 Rd8 35. Rbc5 Rd4 36. Rc7 Qg6 37. f3 Qe8 38. R7c3 Qd8
39. R1c2 Qd6 40. Rf2 Bd7 41. f4 Bg4 42. fxe5 fxe5 43. b5 Rd1 44. Qc5 Qe6
45. Qf8 Qg6 46. Rc7 Be6 47. Qf6 Qg4 48. Rxg7+ Qxg7 49. Qxe6 1-0

[Event "8th ch-Euro"]
[Site "Dresden GER"]
[Date "2007.04.03"]
[Round "1"]
[White "Kobalia,M"]
[Black "Gasthofer,A"]
[Result "1/2-1/2"]
[WhiteElo "2639"]
[BlackElo "2450"]
[EventDate "2007.04.03"]

1. e4 e6 2. d4 d5 3. Nc3 dxe4 4. Nxe4 Nd7 5. Nf3 Ngf6 6. Bd3 c5 7. O-O Nxe4
8. Bxe4 Nf6 9. Bg5 Be7 10. Bd3 cxd4 11. Nxd4 O-O 12. c3 Qd5 13. Bh4 b6 14.
Nxe6 fxe6 15. Be2 e5 16. Qb3 Bb7 17. Rad1 Rac8 18. Qb5 Qxb5 19. Bxb5 e4 20.
Rd2 g6 21. Rfd1 Rc7 22. Ba4 a6 23. Rd6 Rfc8 24. Bc6 Kf7 25. Bxb7 b5 26.
Rxa6 Rxb7 27. b4 Bxb4 28. cxb4 Ng4 29. Rxg6 Nxf2 30. g3 Ng4 31. Rdd6
1/2-1/2

[Event "8th ch-Euro"]
[Site "Dresden GER"]
[Date "2007.04.03"]
[Round "1"]
[White "Lobzhanidze,D"]
[Black "Sutovsky,E"]
[Result "0-1"]
[WhiteElo "2446"]
[BlackElo "2629"]
[EventDate "2007.04.03"]

1. e4 c5 2. Nf3 d6 3. d4 cxd4 4. Nxd4 Nf6 5. Nc3 a6 6. Be2 e5 7. Nb3 Be7 8.
O-O O-O 9. a4 Be6 10. Bf3 Nbd7 11. Re1 h6 12. Be3 Nb6 13. Nd2 Rc8 14. a5
Nbd7 15. Nf1 Rc4 16. Ng3 Qc7 17. Re2 Rc8 18. Qe1 Nc5 19. Bd2 Ncd7 20. Be3
Nh7 21. Nd5 Bxd5 22. exd5 Ng5 23. b3 Nxf3+ 24. gxf3 Rh4 25. Nf5 Nf8 26.
Nxh4 Bxh4 27. Ra4 Ng6 28. Rc4 Qd7 29. Rxc8+ Qxc8 30. Qb4 Bg5 31. Bxg5 hxg5
32. Qg4 Qc3 33. Qe4 Nh4 34. Kf1 Nxf3 35. h3 Qa1+ 36. Kg2 Nh4+ 37. Kh2 Qd1
38. Qc4 f5 39. Re3 e4 40. Qc8+ 0-1

[Event "8th ch-Euro"]
[Site "Dresden GER"]
[Date "2007.04.03"]
[Round "1"]
[White "Orlov,And"]
[Black "Asrian,K"]
[Result "1-0"]
[WhiteElo "2447"]
[BlackElo "2634"]
[EventDate "2007.04.03"]

1. e4 e6 2. d4 d5 3. Nc3 Bb4 4. Nge2 dxe4 5. a3 Be7 6. Nxe4 Nf6 7. Nxf6+
Bxf6 8. Be3 O-O 9. Qd2 b5 10. g4 Bb7 11. Rg1 g6 12. O-O-O a5 13. Nf4 b4 14.
a4 Nd7 15. g5 Bg7 16. d5 e5 17. Ne6 fxe6 18. dxe6 Nb6 19. Qxd8 Rfxd8 20.
Rxd8+ Rxd8 21. Bxb6 cxb6 22. e7 Re8 23. Bc4+ Bd5 24. Bxd5+ Kh8 25. Rd1 Rxe7
26. Be4 Bf8 27. f3 Rf7 28. Rd5 Kg7 29. Kd1 Rc7 30. Ke2 Kf7 31. Rd8 Bc5 32.
h4 Ke6 33. Re8+ Re7 34. Rh8 Rf7 35. Re8+ Be7 36. Rh8 Bc5 37. b3 Rg7 38. Bd3
Rc7 39. Kf1 Rd7 40. Kg2 Kd5 41. Bb5 Re7 42. Rd8+ Bd6 43. Bd3 Kc5 44. Be4
Rg7 45. Kh3 Rc7 46. Kg3 Rf7 47. Kh3 Rc7 48. Kg4 Rg7 49. h5 Rf7 50. hxg6
hxg6 51. Rg8 Rf4+ 52. Kg3 Be7 53. Rxg6 Rf8 54. Kg4 Kd4 55. Re6 Bd8 56. g6
Ke3 57. g7 Rh8 1-0

[Event "8th ch-Euro"]
[Site "Dresden GER"]
[Date "2007.04.03"]
[Round "1"]
[White "Sakaev,K"]
[Black "Skoberne,J"]
[Result "1/2-1/2"]
[WhiteElo "2641"]
[BlackElo "2436"]
[EventDate "2007.04.03"]

1. d4 d6 2. e4 Nf6 3. f3 g6 4. c4 Bg7 5. Nc3 O-O 6. Be3 c5 7. Nge2 Nc6 8.
d5 Ne5 9. Ng3 e6 10. Be2 exd5 11. cxd5 a6 12. O-O b5 13. Qd2 Re8 14. b3 Bd7
15. Rac1 Qa5 16. Rc2 b4 17. Nd1 Bb5 18. Bh6 Bh8 19. Ne3 Bxe2 20. Qxe2 Qb5
21. Qd1 a5 22. f4 Ned7 23. Nc4 Qb8 24. e5 dxe5 25. fxe5 Nxe5 26. d6 Qb7 27.
Ne3 Rad8 28. Rd2 Re6 29. Bg5 Qc6 30. Ngf5 gxf5 31. Nxf5 Ng6 32. h3 Rd7 33.
Rd3 c4 34. bxc4 Qxc4 35. Qf3 Qe4 36. Qd1 Qc4 37. Rd2 h6 38. Nxh6+ Kh7 39.
Nf5 Qc5+ 40. Kh1 Re5 41. Rdf2 Qd5 42. Qa4 Rxd6 43. Nxd6 Rxg5 44. Qd1 Qxd1
45. Rxd1 Rc5 46. Nxf7 Ne4 47. Rf3 Bg7 48. Rd7 Kg8 49. Ra7 Ne5 50. Ra8+ Kh7
51. Rf4 Nxf7 52. Rxf7 Kg6 53. Re7 Be5 54. g4 Kf6 55. Rea7 Rc1+ 56. Kg2 Rc2+
57. Kf3 Nd2+ 58. Ke3 Nc4+ 59. Ke4 Nd6+ 60. Kd5 Rd2+ 61. Kc6 Rc2+ 62. Kd5
Ne4 63. Re7 Rc5+ 64. Kxe4 1/2-1/2

[Event "8th ch-Euro"]
[Site "Dresden GER"]
[Date "2007.04.03"]
[Round "1"]
[White "Szabo,Kr1"]
[Black "Azmaiparashvili,Z"]
[Result "1-0"]
[WhiteElo "2465"]
[BlackElo "2632"]
[EventDate "2007.04.03"]

1. e4 d6 2. d4 g6 3. f4 Bg7 4. Nf3 c5 5. d5 Nf6 6. Nc3 O-O 7. Bd3 Na6 8.
O-O Nc7 9. a4 e6 10. dxe6 fxe6 11. e5 Nfd5 12. Ne4 Nxf4 13. exd6 Ncd5 14.
Bc4 Bxb2 15. Bxb2 Ne3 16. Qe1 Nxc4 17. Be5 Nd5 18. Bg3 b6 19. Qe2 Ba6 20.
Nxc5 bxc5 21. Qxe6+ Kg7 22. Qxd5 Rf5 23. Qc6 Qc8 24. Qxc8 Bxc8 25. Rfe1 Bd7
26. Re4 Nb6 27. a5 Nd5 28. c4 Nb4 29. Re7+ Rf7 30. Rxf7+ Kxf7 31. Ne5+ Ke6
32. Nxd7 Kxd7 33. Rf1 Nc6 34. Rf7+ Ke6 35. Rxh7 Nxa5 36. Re7+ Kf6 37. Be5+
Kf5 38. d7 Nc6 39. Re8 Nxe5 40. Rxa8 Nxd7 41. Rxa7 Ne5 42. Rc7 Nd3 43. Rd7
1-0

[Event "8th ch-Euro"]
[Site "Dresden GER"]
[Date "2007.04.03"]
[Round "1"]
[White "Berg,K"]
[Black "Bauer,Ch"]
[Result "1/2-1/2"]
[WhiteElo "2406"]
[BlackElo "2609"]
[EventDate "2007.04.03"]

1. d4 Nf6 2. c4 e6 3. Nc3 Bb4 4. Qc2 O-O 5. a3 Bxc3+ 6. Qxc3 Ne4 7. Qc2 f5
8. Nh3 d6 9. f3 Nf6 10. e3 e5 11. dxe5 dxe5 12. Be2 a5 13. b3 Nc6 14. O-O
Qe7 15. Nf2 Be6 16. Bb2 Nd7 17. Rad1 Rf6 18. f4 Rff8 19. Bf3 e4 20. Be2 Nc5
21. Rd2 Ra6 22. Rb1 Rb6 23. Ba1 h6 24. Nd1 Nd3 25. Qc3 Rf7 26. Bxd3 exd3
27. c5 Rb5 28. b4 axb4 29. axb4 b6 30. cxb6 Rxb6 31. b5 Bd5 32. Nf2 Be4 33.
Nxd3 Na7 34. Qc4 Qe6 35. Qxe6 Rxe6 36. Nc5 Bxb1 37. Nxe6 Nxb5 38. Rd8+ Kh7
39. Nf8+ Kg8 40. Ne6+ Kh7 41. h4 Kg6 42. h5+ Kxh5 43. Nxg7+ Kg6 44. Ne6 Re7
1/2-1/2

[Event "8th ch-Euro"]
[Site "Dresden GER"]
[Date "2007.04.03"]
[Round "1"]
[White "Khenkin,I"]
[Black "Zeller,F"]
[Result "1-0"]
[WhiteElo "2611"]
[BlackElo "2430"]
[EventDate "2007.04.03"]

1. d4 Nf6 2. c4 e6 3. Nc3 Bb4 4. Qc2 c5 5. dxc5 O-O 6. a3 Bxc5 7. Nf3 b6 8.
Bf4 Bb7 9. e3 Be7 10. Rd1 Nc6 11. Be2 Rc8 12. O-O Na5 13. Ne5 Ba6 14. Qa4
d6 15. Nb5 Qe8 16. Nf3 Ne4 17. Rc1 Bb7 18. b4 Nc6 19. Bd3 f5 20. Bxe4 fxe4
21. Nd2 Nd4 22. exd4 Rxf4 23. Qxa7 Ba8 24. Rc3 Bc6 25. Re3 d5 26. Qxb6 Bd8
27. Qa6 Ra8 28. Na7 Bd7 29. b5 Rf6 30. c5 e5 31. Qb7 Rxa7 32. Qxa7 exd4 33.
Rg3 e3 34. c6 Rf7 35. cxd7 exf2+ 36. Kh1 Qe1 37. Qxd4 Qe5 38. Nb1 1-0

[Event "8th ch-Euro"]
[Site "Dresden GER"]
[Date "2007.04.03"]
[Round "1"]
[White "Paehtz,T sr"]
[Black "Postny,E"]
[Result "1/2-1/2"]
[WhiteElo "2427"]
[BlackElo "2616"]
[EventDate "2007.04.03"]

1. e4 e5 2. Nf3 Nc6 3. Bb5 a6 4. Ba4 Nf6 5. Nc3 b5 6. Bb3 Be7 7. a4 b4 8.
Nd5 O-O 9. d3 Na5 10. Nxe7+ Qxe7 11. Ba2 d6 12. O-O Rb8 13. Bg5 h6 14. Bh4
b3 15. Bxb3 Nxb3 16. cxb3 Bg4 17. Ra3 g5 18. Bg3 c5 19. h3 Bh5 20. Qe2 Rb4
21. Rc1 Rfb8 22. Rc3 Ne8 23. Qe3 Bxf3 24. Qxf3 Ng7 25. Qd1 Ne6 26. f3 Nd4
27. Bf2 Qb7 28. Bxd4 exd4 29. Rc2 Rxb3 30. Rxb3 Qxb3 31. f4 Qxa4 32. fxg5
hxg5 33. Qc1 f6 34. Rf2 Rf8 35. h4 gxh4 36. Rf4 Kf7 37. Qf1 Ke7 38. Rxh4
Qd7 39. Qa1 Qb5 40. Qa2 Rf7 41. Qd5 Qb4 42. Kh2 Qb8 43. b3 Qc8 44. g4 Qe6
45. Qb7+ Qd7 46. Qd5 Qe6 47. Qb7+ Qd7 48. Qa8 Qd8 49. Qxa6 Rg7 50. Qb7+ Qd7
51. Qa8 Qe8 52. Qd5 Qg8 53. Qb7+ Ke6 54. Qc6 Rg5 55. Kg3 Rg7 56. Kf4 Ke7
57. Qb7+ Ke6 58. Qd5+ Ke7 59. Qb7+ Ke6 60. Qd5+ Ke7 61. Qb7+ 1/2-1/2

[Event "8th ch-Euro"]
[Site "Dresden GER"]
[Date "2007.04.03"]
[Round "1"]
[White "Manca,F"]
[Black "Efimenko,Z"]
[Result "1/2-1/2"]
[WhiteElo "2417"]
[BlackElo "2616"]
[EventDate "2007.04.03"]

1. e4 c5 2. c3 d6 3. d4 Nf6 4. Bd3 g6 5. h3 Bg7 6. Nf3 O-O 7. O-O Qc7 8. e5
dxe5 9. dxe5 Ne8 10. Re1 Nc6 11. Bf4 Qb6 12. Qc1 Be6 13. Bh6 Rd8 14. Be4
Bd5 15. Bxg7 Nxg7 16. Nbd2 Qc7 17. Nf1 f5 18. exf6 exf6 19. Bxd5+ Rxd5 20.
Ne3 Rd7 21. Qc2 Nh5 22. Qb3+ Kg7 23. Nd5 Qd8 24. Rad1 Re8 25. Rxe8 Qxe8 26.
c4 Ne7 27. Qa4 Qd8 28. Qxa7 b6 29. Qa4 Nxd5 30. Rxd5 Rxd5 31. cxd5 Qxd5 32.
Qa7+ Qf7 33. Qxb6 Qxa2 34. Qc7+ Kg8 35. Qb8+ Kf7 36. Qc7+ Kg8 37. Qd8+ Kf7
38. Kh2 Qxb2 39. Qd7+ Kg8 40. Qe8+ Kg7 41. Qe7+ Kg8 42. Qe8+ Kg7 43. Qe7+
1/2-1/2

[Event "8th ch-Euro"]
[Site "Dresden GER"]
[Date "2007.04.03"]
[Round "1"]
[White "Ris,R"]
[Black "Bocharov,D"]
[Result "0-1"]
[WhiteElo "2403"]
[BlackElo "2602"]
[EventDate "2007.04.03"]

1. d4 Nf6 2. Nf3 e6 3. g3 b5 4. Bg2 Bb7 5. O-O c5 6. Bg5 Be7 7. c3 Na6 8.
Nbd2 O-O 9. e3 h6 10. Bxf6 Bxf6 11. Qe2 Qb6 12. a4 b4 13. Ne5 Bxg2 14. Kxg2
d6 15. Nd7 Qc6+ 16. Kg1 Qxd7 17. Qxa6 Rfc8 18. Rfc1 Rab8 19. dxc5 d5 20.
Qd3 Qc6 21. cxb4 Rxb4 22. Ra2 Bxb2 23. Rc2 Bf6 24. a5 Rcb8 25. Rc1 R8b5 26.
a6 g6 27. Rac2 Kg7 28. h4 h5 29. Nf3 e5 30. Ng5 e4 31. Qd2 Rb3 32. Qe2 Ra5
33. Nh3 Be5 34. Ra2 Rxa2 35. Qxa2 Rb2 36. Qa5 d4 37. exd4 Bxd4 38. Rc4 e3
0-1

[Event "8th ch-Euro"]
[Site "Dresden GER"]
[Date "2007.04.03"]
[Round "1"]
[White "Hracek,Z"]
[Black "Zueger,B"]
[Result "1-0"]
[WhiteElo "2619"]
[BlackElo "2415"]
[EventDate "2007.04.03"]

1. e4 e6 2. d4 d5 3. Nc3 Nf6 4. Bg5 Be7 5. e5 Nfd7 6. Bxe7 Qxe7 7. f4 O-O
8. Nf3 c5 9. Qd2 Nc6 10. O-O-O a6 11. dxc5 Nxc5 12. Bd3 b5 13. Ne2 Bb7 14.
Kb1 f6 15. exf6 Rxf6 16. Rhe1 Ne4 17. Bxe4 dxe4 18. Ng5 Nb4 19. Nc3 Nd5 20.
Ngxe4 Nxc3+ 21. Nxc3 Raf8 22. g3 Rf5 23. Qe3 b4 24. Ne2 Ra5 25. Nd4 Bd5 26.
b3 Rc8 27. Nxe6 Qf6 1-0

[Event "8th ch-Euro"]
[Site "Dresden GER"]
[Date "2007.04.03"]
[Round "1"]
[White "Brener,I"]
[Black "Fedorov,Alex"]
[Result "0-1"]
[WhiteElo "2413"]
[BlackElo "2624"]
[EventDate "2007.04.03"]

1. e4 c5 2. Nf3 Nc6 3. Bb5 e6 4. O-O Nge7 5. Re1 Qb6 6. Na3 Ng6 7. Bxc6
bxc6 8. Nc4 Qa6 9. d3 d5 10. Ne3 Be7 11. c4 d4 12. Nf1 e5 13. Ng3 f6 14.
Nf5 Bf8 15. Nd2 Nf4 16. Nb3 Ne6 17. f4 g6 18. fxe5 fxe5 19. Nh6 Bg7 20. Rf1
Nf4 21. Nxc5 Qb6 22. Na4 Qc7 23. Ng4 O-O 24. Bxf4 exf4 25. h3 c5 26. b3 Bd7
27. Nh2 Rf7 28. Nf3 h6 29. b4 cxb4 30. c5 Qa5 31. Nb2 Qxc5 32. Rc1 Qe7 33.
Nc4 Rc8 34. e5 Rff8 35. Re1 Be6 36. Kh2 Rfd8 37. Nd6 Rc3 38. Rb1 a5 39. Qd2
Bd5 40. Ne4 Ra3 41. Rb2 g5 42. Rc2 Rc3 43. Nxc3 dxc3 44. Qf2 Rf8 45. Rce2
h5 46. Qd4 Rd8 47. Qb6 Bxf3 48. gxf3 g4 49. e6 Bd4 50. Qc6 Qh4 51. Kh1 Bf2
52. Rxf2 Qxf2 53. Qe4 Qxf3+ 54. Qxf3 gxf3 55. Kg1 a4 56. d4 c2 57. d5 Rxd5
58. e7 Re5 0-1

[Event "8th ch-Euro"]
[Site "Dresden GER"]
[Date "2007.04.03"]
[Round "1"]
[White "Khmelniker,I"]
[Black "Aleksandrov,A"]
[Result "0-1"]
[WhiteElo "2411"]
[BlackElo "2601"]
[EventDate "2007.04.03"]

1. d4 d5 2. Nf3 Nf6 3. c4 e6 4. Nc3 Bb4 5. cxd5 exd5 6. Bg5 h6 7. Bh4 c5 8.
e3 O-O 9. Bd3 c4 10. Bb1 Nbd7 11. O-O Qa5 12. Qc2 Bxc3 13. Qxc3 Qxc3 14.
bxc3 Re8 15. Nd2 b6 16. Bc2 Bb7 17. Rfe1 b5 18. a4 a6 19. f3 Bc6 20. e4 Nh5
21. exd5 Bxd5 22. Rxe8+ Rxe8 23. Kf1 Nf4 24. axb5 axb5 25. Ne4 Bc6 26. Ra6
Re6 27. Bg3 Nd5 28. Bd6 N7b6 29. Kf2 f5 30. Bc5 fxe4 31. Bxe4 Bd7 32. Ra7
Nf6 33. Rb7 Na4 34. Bf5 Nxc3 35. Bxe6+ Bxe6 36. g4 Bd5 37. Rb8+ Kf7 38. Bb4
Na2 39. Rxb5 Nxb4 40. Rxb4 c3 41. Rb5 c2 42. Rc5 Bb3 43. Ke2 Nd5 0-1

[Event "8th ch-Euro"]
[Site "Dresden GER"]
[Date "2007.04.03"]
[Round "1"]
[White "Mchedlishvili,M"]
[Black "Wippermann,T"]
[Result "1-0"]
[WhiteElo "2583"]
[BlackElo "2403"]
[EventDate "2007.04.03"]

1. d4 Nf6 2. c4 e6 3. Nc3 Bb4 4. Qc2 d5 5. cxd5 Qxd5 6. Nf3 Qf5 7. Qd1 e5
8. e3 exd4 9. Nxd4 Qd7 10. Qb3 Ba5 11. Qa3 Bb6 12. Be2 Qe7 13. Qxe7+ Kxe7
14. b3 Rd8 15. Ba3+ Ke8 16. O-O-O g6 17. Na4 Ne4 18. Nxb6 axb6 19. Nb5 Na6
20. Rxd8+ Kxd8 21. Rd1+ Bd7 22. Rd4 f5 23. f3 Nec5 24. Rh4 h5 25. g4 c6 26.
Nc3 fxg4 27. fxg4 hxg4 28. Bxg4 Nc7 29. Bxc5 bxc5 30. Kb2 Be8 31. Rh7 Nd5
32. Ne4 Nxe3 33. Be6 Nf5 34. Bxf5 gxf5 35. Nd6 b5 36. Nxe8 1-0